|
|
|
|
| LEADER |
00000nas a2200000 a 4500 |
| 001 |
ssj0000608060 |
| 003 |
WaSeSS |
| 005 |
20200512172242.0 |
| 006 |
m d |
| 007 |
cr n |
| 008 |
101018c20109999nz x s 0 a0eng c |
| 010 |
|
|
|a 2012247793
|
| 016 |
7 |
|
|a 2616891-1
|2 DE-600
|
| 016 |
7 |
|
|a 101655856
|2 DNLM
|
| 022 |
|
|
|a 1179-9927
|l 1179-9927
|
| 035 |
|
|
|a (WaSeSS)ssj0000608060
|
| 040 |
|
|
|a NZ1
|b eng
|c NZ1
|d HEBIS
|d CUD
|d PFM
|d OCLCQ
|d OCLCO
|d OCLCF
|d CUS
|d OCLCO
|d EUW
|d OCLCO
|d NLM
|d OCLCO
|d OCLCQ
|d OCLCO
|d OCLCQ
|d WT2
|d OCLCO
|d OCLCQ
|d OCLCA
|d LND
|d CASUM
|d OCLCQ
|d AU@
|d UAB
|d OCLCQ
|d RDF
|d OCLCQ
|d CNMTR
|d OCLCQ
|d WaSeSS
|
| 042 |
|
|
|a pcc
|
| 050 |
|
4 |
|a RJ1
|
| 060 |
0 |
0 |
|a W1
|
| 082 |
0 |
4 |
|a 618.920005
|2 22
|
| 210 |
1 |
0 |
|a Pediatric Health Med Ther
|2 dnlm
|
| 210 |
1 |
|
|a Pediatric health med. ther.
|
| 222 |
|
0 |
|a Pediatric health, medicine and therapeutics
|
| 245 |
0 |
0 |
|a Pediatric health, medicine and therapeutics
|h [electronic resource].
|
| 260 |
|
|
|a [Auckland, N.Z.] :
|b Dove Medical Press
|
| 362 |
1 |
|
|a Began with 2010:1.
|
| 506 |
|
|
|a License restrictions may limit access.
|
| 515 |
|
|
|a Articles added irregularly during the year and collected into annual issues.
|
| 588 |
0 |
|
|a 2010:1; title from journal home page (viewed on May 19, 2011).
|
| 588 |
1 |
|
|a 2015:6 (viewed Dec. 17, 2015).
|
| 650 |
|
0 |
|a Pediatrics
|v Periodicals.
|
| 650 |
|
0 |
|a Children
|x Health and hygiene
|v Periodicals.
|
| 650 |
|
0 |
|a Children
|x Diseases
|v Periodicals.
|
| 650 |
1 |
2 |
|a Child Health.
|
| 650 |
2 |
2 |
|a Adolescent Health.
|
| 650 |
2 |
2 |
|a Therapeutics.
|
| 650 |
|
7 |
|a Children
|x Diseases.
|2 fast
|0 (OCoLC)fst00854907
|
| 650 |
|
7 |
|a Children
|x Health and hygiene.
|2 fast
|0 (OCoLC)fst00854953
|
| 650 |
|
7 |
|a Pediatrics.
|2 fast
|0 (OCoLC)fst01056503
|
| 655 |
|
0 |
|a Electronic journals.
|
| 856 |
4 |
0 |
|z Full text available from Research Library: 01/01/2010 to present
|u https://search.proquest.com/publication/3933303
|